| 000 | 00510nam a2200229Ia 4500 | ||
|---|---|---|---|
| 001 | 10583 | ||
| 003 | GE_BSU | ||
| 008 | 181216s||||||||xx |||||||||||||| ||und|| | ||
| 020 | _a0333957261 | ||
| 040 | _cGE_BSU | ||
| 080 | _a338.22+811.111 | ||
| 100 | _aClarke,Simon | ||
| 245 | _aIn company pre-intermediate. | ||
| 260 | _aOxford. | ||
| 260 | _bMacmillan. | ||
| 260 | _c2003. | ||
| 300 | _a144p;30cm. | ||
| 300 | _eillus. | ||
| 541 | _h70Gel. | ||
| 653 | _aIn company pre-intermediate. | ||
| 942 | _cBK | ||
| 999 |
_c43835 _d43835 |
||